Le podium de chaque saison de F1 #2 - Statistiques

Statistiques générales
  • Ce quiz a été pris 67 fois
  • Le résultat moyen est 30 sur 36
Statistiques - réponses
Années Places Nationalités Pilotes % Correct
2006 2 Allemagne Michael Schumacher
97%
2005 3 Allemagne Michael Schumacher
97%
2004 1 Allemagne Michael Schumacher
97%
2003 1 Allemagne Michael Schumacher
97%
2002 1 Allemagne Michael Schumacher
97%
2001 1 Allemagne Michael Schumacher
97%
2000 1 Allemagne Michael Schumacher
97%
2010 2 Espagne Fernando Alonso
95%
2007 3 Espagne Fernando Alonso
95%
2006 1 Espagne Fernando Alonso
95%
2005 1 Espagne Fernando Alonso
95%
2008 1 Royaume-Uni Lewis Hamilton
95%
2007 2 Royaume-Uni Lewis Hamilton
95%
2008 3 Finlande Kimi Raikkonen
93%
2007 1 Finlande Kimi Raikkonen
93%
2005 2 Finlande Kimi Raikkonen
93%
2003 2 Finlande Kimi Raikkonen
93%
2011 1 Allemagne Sebastian Vettel
93%
2010 1 Allemagne Sebastian Vettel
93%
2009 2 Allemagne Sebastian Vettel
93%
2008 2 Brésil Felipe Massa
85%
2006 3 Brésil Felipe Massa
85%
2011 2 Royaume-Uni Jenson Button
85%
2009 1 Royaume-Uni Jenson Button
85%
2004 3 Royaume-Uni Jenson Button
85%
2011 3 Australie Mark Webber
77%
2010 3 Australie Mark Webber
77%
2000 2 Finlande Mika Hakkinen
74%
2009 3 Brésil Rubens Barrichello
64%
2004 2 Brésim Rubens Barrichello
64%
2002 2 Brésil Rubens Barrichello
64%
2001 3 Brésil Rubens Barrichello
64%
2003 3 Colombie Juan Pablo Montoya
54%
2002 3 Colombie Juan Pablo Montoya
54%
2001 2 Royaume-Uni David Coulthard
51%
2000 3 Royaume-Uni David Coulthard
51%
Aucun quiz correspondant
Distribution des résultats
% des personnes avec chaque résultat
Percentile par nombre de réponses
Votre historique - résultats
Vous n’avez pas pris ce quiz